<?xml version="1.0" encoding="UTF-8"?><?xml-stylesheet type="text/xsl" href="static/style.xsl"?><OAI-PMH xmlns="http://www.openarchives.org/OAI/2.0/" xmlns:xsi="http://www.w3.org/2001/XMLSchema-instance" xsi:schemaLocation="http://www.openarchives.org/OAI/2.0/ http://www.openarchives.org/OAI/2.0/OAI-PMH.xsd"><responseDate>2026-04-18T22:56:17Z</responseDate><request verb="GetRecord" identifier="oai:riubu.ubu.es:10259/8899" metadataPrefix="marc">https://riubu.ubu.es/oai/request</request><GetRecord><record><header><identifier>oai:riubu.ubu.es:10259/8899</identifier><datestamp>2024-04-11T22:00:48Z</datestamp><setSpec>com_10259_2699</setSpec><setSpec>col_10259_2703</setSpec></header><metadata><record xmlns="http://www.loc.gov/MARC21/slim" xmlns:doc="http://www.lyncode.com/xoai" xmlns:xsi="http://www.w3.org/2001/XMLSchema-instance" xmlns:dcterms="http://purl.org/dc/terms/" xsi:schemaLocation="http://www.loc.gov/MARC21/slim http://www.loc.gov/standards/marcxml/schema/MARC21slim.xsd">
<leader>00925njm 22002777a 4500</leader>
<datafield tag="042" ind1=" " ind2=" ">
<subfield code="a">dc</subfield>
</datafield>
<datafield tag="720" ind1=" " ind2=" ">
<subfield code="a">Gonzalo Silvestre, Tamara</subfield>
<subfield code="e">author</subfield>
</datafield>
<datafield tag="260" ind1=" " ind2=" ">
<subfield code="c">2023</subfield>
</datafield>
<datafield tag="520" ind1=" " ind2=" ">
<subfield code="a">Esta investigación profundiza en la relación entre la Actividad Física (AF), la Calidad de Vida (CV) y el Bienestar Subjetivo (BS) de las personas, entendidos ambos desde su perspectiva psicológica. Se han realizado dos estudios empíricos, uno con población general y otro con mujeres. Se aplica un cuestionario que evalúa la CV, el BS, la AF y aspectos como el autoconcepto. Los resultados más significativos indican que, en población general, la AF es predictora de la CV y esta relación está mediada por el BS. El estudio de mujeres apoya el enfoque multidimensional del autoconcepto y proporciona una visión más precisa de la relación entre la Percepción de Calidad de Vida (PCV), la AF y el autoconcepto. El autoconcepto físico es la principal variable predictora de la AF y ejerce un efecto mediador entre la AF y la PCV. En conclusión, la AF influye, directa o indirectamente, en la CV.</subfield>
</datafield>
<datafield tag="024" ind2=" " ind1="8">
<subfield code="a">http://hdl.handle.net/10259/8899</subfield>
</datafield>
<datafield tag="024" ind2=" " ind1="8">
<subfield code="a">10.36443/10259/8899</subfield>
</datafield>
<datafield ind1=" " ind2=" " tag="653">
<subfield code="a">Actividad física</subfield>
</datafield>
<datafield ind1=" " ind2=" " tag="653">
<subfield code="a">Calidad de vida</subfield>
</datafield>
<datafield ind1=" " ind2=" " tag="653">
<subfield code="a">Bienestar subjetivo</subfield>
</datafield>
<datafield ind1=" " ind2=" " tag="653">
<subfield code="a">Autoconcepto</subfield>
</datafield>
<datafield ind1=" " ind2=" " tag="653">
<subfield code="a">Autoconcepto físico</subfield>
</datafield>
<datafield ind1=" " ind2=" " tag="653">
<subfield code="a">Physical activity</subfield>
</datafield>
<datafield ind1=" " ind2=" " tag="653">
<subfield code="a">Quality of life</subfield>
</datafield>
<datafield ind1=" " ind2=" " tag="653">
<subfield code="a">Subjective well-being</subfield>
</datafield>
<datafield ind1=" " ind2=" " tag="653">
<subfield code="a">Self-concept</subfield>
</datafield>
<datafield ind1=" " ind2=" " tag="653">
<subfield code="a">Physical self-concept</subfield>
</datafield>
<datafield tag="245" ind1="0" ind2="0">
<subfield code="a">Estudio de la relación entre la práctica de actividad física y calidad de vida</subfield>
</datafield>
</record></metadata></record></GetRecord></OAI-PMH>